[Event "Col Ch "]
[Site "Ibague "]
[Date "2013.07.04"]
[Round "6.34"]
[White "Castaneda, Jhon David"]
[Black "Escobar, Cesar"]
[Result "1-0"]
[WhiteElo "2123"]
[BlackElo "1742"]
[PlyCount "83"]
[EventDate "2013.07.01"]
[EventType "swiss"]
[EventRounds "11"]
[EventCountry "COL"]
[SourceDate "2005.09.12"]

1. d4 d5 2. Nf3 Nf6 3. c4 c6 4. Nbd2 Bg4 5. Ne5 Bh5 6. Qb3 Qb6 7. Qh3 e6 8. c5
Qc7 9. g4 Bxc5 10. dxc5 Qxe5 11. gxh5 Nbd7 12. Qg3 Qxh5 13. e3 g6 14. Qf3 Qxf3
15. Nxf3 Nxc5 16. b3 O-O 17. Bb2 Nfe4 18. h4 h5 19. Ne5 Kh7 20. Rg1 f6 21. Nd3
Nxd3+ 22. Bxd3 f5 23. Rc1 Nf6 24. Ke2 Rae8 25. f3 e5 26. Bb1 Re6 27. b4 a6 28.
a4 d4 29. Ba2 Ree8 30. b5 axb5 31. axb5 Ra8 32. Bb1 Rac8 33. exd4 exd4 34. Bxd4
Rfe8+ 35. Kf2 Nd5 36. bxc6 bxc6 37. Bd3 Nf4 38. Bf1 Red8 39. Be5 Nd3+ 40. Bxd3
Rxd3 41. Rgd1 Rxd1 42. Rxd1 1-0

[Event "Col Ch "]
[Site "Ibague "]
[Date "2013.07.04"]
[Round "6.35"]
[White "Otalora, Carlos Eduardo"]
[Black "Sosa Florez, Juan Sebastian"]
[Result "1-0"]
[WhiteElo "2114"]
[BlackElo "1671"]
[PlyCount "14"]
[EventDate "2013.07.01"]
[EventType "swiss"]
[EventRounds "11"]
[EventCountry "COL"]
[SourceDate "2005.09.12"]

1. d4 Nf6 2. Nf3 g6 3. c4 d5 4. Nc3 Bg7 5. cxd5 Nxd5 6. e4 Nxc3 7. bxc3 O-O $16
{[%eval 82,14]} (7... O-O) (7... c5 8. Be3 Nc6 9. Qd2 O-O 10. Rb1 cxd4 11. cxd4
Qa5 12. Bb5 Qxd2+ 13. Kxd2 Na5 14. Rhc1 b6 15. Rc7 e6 16. Rbc1 Bb7 17. Rxb7
Nxb7 18. Bc6 Rab8 19. Bf4 Na5 20. Bxb8 Rxb8 21. Rc2 Nxc6 22. Rxc6 Rd8 23. Kc3
g5 24. h3 h6 25. Kc4 Bf6 26. a4 Bg7 27. d5 exd5+ 28. exd5 Rd7 29. d6 f5 30. Kd5
Kf7 31. Ne5+ Bxe5 32. Kxe5 f4 33. Rc7 Ke8 34. Ke6 Rd8 35. Rh7) (7... Nc6 8. Bd3
) 1-0

[Event "Col Ch "]
[Site "Ibague "]
[Date "2013.07.04"]
[Round "6.36"]
[White "Arango Arenas, Juan Camilo"]
[Black "Garavito, Miguel Angel"]
[Result "0-1"]
[WhiteElo "1600"]
[BlackElo "2263"]
[PlyCount "106"]
[EventDate "2013.07.01"]
[EventType "swiss"]
[EventRounds "11"]
[EventCountry "COL"]
[SourceDate "2005.09.12"]

1. e4 e5 2. Nf3 Nc6 3. d4 exd4 4. Bc4 Nf6 5. e5 d5 6. Bb5 Ne4 7. Nxd4 Bc5 8.
Be3 Bd7 9. Bxc6 bxc6 10. O-O Qe7 11. f3 Nd6 12. f4 O-O 13. Nd2 f6 14. b4 Bxb4
15. e6 c5 16. Bf2 cxd4 17. exd7 Bxd2 18. Qxd2 c5 19. Qa5 Nc4 20. Qb5 Rfd8 21.
Rfe1 Qxd7 22. Qxc5 Rac8 23. Qe7 Ne3 24. Qxd7 Rxd7 25. Bxe3 dxe3 26. Rxe3 Rxc2
27. Rd3 Rb7 28. Rxd5 Rbb2 29. Rd8+ Kf7 30. Rd7+ Kg6 31. Rxa7 Rxg2+ 32. Kh1
Rxh2+ 33. Kg1 Rbg2+ 34. Kf1 Rg4 35. Rd1 Rxf4+ 36. Kg1 Rh5 37. Rd2 Rg5+ 38. Rg2
Rfg4 39. Rxg4 Rxg4+ 40. Kh2 h5 41. a4 h4 42. Kh3 Rb4 43. a5 Ra4 44. a6 f5 45.
Ra8 Kg5 46. Rg8 Ra3+ 47. Kh2 g6 48. Ra8 Kf4 49. a7 Ra2+ 50. Kg1 g5 51. Kf1 g4
52. Kg1 Kg3 53. Kf1 h3 0-1

[Event "Col Ch "]
[Site "Ibague "]
[Date "2013.07.04"]
[Round "6.37"]
[White "Rios Parra, Alejandro"]
[Black "Agudelo, Carlos Hernan"]
[Result "1-0"]
[WhiteElo "2344"]
[BlackElo "2065"]
[PlyCount "88"]
[EventDate "2013.07.01"]
[EventType "swiss"]
[EventRounds "11"]
[EventCountry "COL"]
[SourceDate "2005.09.12"]

1. e4 e6 2. d4 d5 3. Nd2 Nf6 4. e5 Ng8 5. Bd3 b6 6. c3 Qd7 7. Ne2 Ba6 8. Bc2 c5
9. O-O Nc6 10. Ba4 b5 11. Bc2 b4 12. Ba4 bxc3 13. bxc3 Bxe2 14. Qxe2 c4 15. Rb1
Rc8 16. f4 g6 17. Rf2 h5 18. Nf1 Nge7 19. h3 h4 20. Ne3 Qc7 21. Ng4 Kd8 22. Qd1
Rb8 23. Rxb8+ Nxb8 24. Ba3 Nc8 25. Bxf8 Rxf8 26. Rb2 Nb6 27. Bc2 Qe7 28. Qe1
Rh8 29. a4 Qa3 30. Rb1 Nc6 31. Ra1 Qe7 32. a5 Nd7 33. Nh2 Kc7 34. Nf3 Rb8 35.
Qxh4 Qxh4 36. Nxh4 Rb2 37. Ba4 Ndb8 38. Nf3 Re2 39. Ng5 Nxa5 40. Be8 Nb3 41.
Rxa7+ Kb6 42. Ra4 Nc6 43. Bxf7 Ncxd4 44. cxd4 Kb5 1-0

[Event "Col Ch "]
[Site "Ibague "]
[Date "2013.07.04"]
[Round "6.38"]
[White "Hernandez Sanchez, Jairo Andre"]
[Black "Bejarano, Dany Andres"]
[Result "1-0"]
[WhiteElo "2320"]
[BlackElo "2020"]
[PlyCount "59"]
[EventDate "2013.07.01"]
[EventType "swiss"]
[EventRounds "11"]
[EventCountry "COL"]
[SourceDate "2005.09.12"]

1. e4 e6 2. d3 d5 3. Nd2 Bd6 4. Ngf3 dxe4 5. dxe4 e5 6. Bc4 Nf6 7. O-O O-O 8.
Re1 Nbd7 9. c3 Qe7 10. Qc2 h6 11. Nf1 Re8 12. Ng3 Nf8 13. Nh4 Ne6 14. Ngf5 Qf8
15. Qd1 g5 16. Qf3 Nf4 17. Bxf4 Bxf5 18. Bxg5 hxg5 19. Nxf5 Kh7 20. Qh3+ Kg6
21. Rad1 Rad8 22. Qf3 Bc5 23. Ng3 Qe7 24. Qf5+ Kh6 25. h4 gxh4 26. Qh3 Kg6 27.
Nf5 Bxf2+ 28. Kxf2 Qc5+ 29. Kf3 Qxc4 30. Nxh4+ 1-0

[Event "Col Ch "]
[Site "Ibague "]
[Date "2013.07.04"]
[Round "6.39"]
[White "Andrade Truyol, Geiner Jose"]
[Black "Lopez Hernandez, Carlos Manuel"]
[Result "0-1"]
[WhiteElo "2045"]
[BlackElo "2320"]
[PlyCount "86"]
[EventDate "2013.07.01"]
[EventType "swiss"]
[EventRounds "11"]
[EventCountry "COL"]
[SourceDate "2005.09.12"]

1. e4 c5 2. Nf3 Nc6 3. d4 cxd4 4. Nxd4 Nf6 5. Nc3 e5 6. Ndb5 d6 7. Bg5 a6 8.
Na3 b5 9. Nd5 Be7 10. Bxf6 Bxf6 11. c3 Ne7 12. Nc2 Nxd5 13. Qxd5 Rb8 14. O-O-O
Be7 15. Nb4 Bb7 16. Qd3 O-O 17. Be2 Qb6 18. Rhf1 Rfc8 19. Kb1 Rc5 20. f4 exf4
21. Nd5 Bxd5 22. exd5 Bg5 23. h4 Bh6 24. g3 Qd8 25. gxf4 Qxh4 26. f5 Qf6 27.
Qe4 Rc7 28. Bd3 Bg5 29. Rde1 h6 30. Qb4 Rc5 31. Qe4 a5 32. a3 Rc7 33. Re2 b4
34. axb4 axb4 35. cxb4 Ra7 36. Kc2 Qd8 37. f6 g6 38. Qd4 Ra4 39. Bxg6 Raxb4 40.
Bxf7+ Kf8 41. Qc3 Rxb2+ 42. Qxb2 Rxb2+ 43. Kxb2 Qb6+ 0-1

[Event "Col Ch "]
[Site "Ibague "]
[Date "2013.07.04"]
[Round "6.40"]
[White "Mateus, Alejandro"]
[Black "Zapata Arbelaez, Estiven"]
[Result "1/2-1/2"]
[WhiteElo "2289"]
[BlackElo "2001"]
[PlyCount "47"]
[EventDate "2013.07.01"]
[EventType "swiss"]
[EventRounds "11"]
[EventCountry "COL"]
[SourceDate "2005.09.12"]

1. Nf3 d5 2. d4 Nf6 3. c4 c6 4. Nbd2 e6 5. g3 Bd6 6. Bg2 O-O 7. O-O Nbd7 8. Qc2
e5 9. cxd5 cxd5 10. dxe5 Nxe5 11. Nxe5 Bxe5 12. Nf3 Bd6 13. b3 Be6 14. Rd1 Rc8
15. Qd3 Qe7 16. Nd4 Rfd8 17. Bb2 Ba3 18. Bxa3 Qxa3 19. Nxe6 fxe6 20. Bh3 Kf7
21. Qe3 Rc6 22. Rac1 Rdc8 23. Rxc6 Rxc6 24. Qd2 1/2-1/2

[Event "Col Ch "]
[Site "Ibague "]
[Date "2013.07.04"]
[Round "6.41"]
[White "Conti, Julian"]
[Black "Agudelo, Antonio"]
[Result "0-1"]
[WhiteElo "2034"]
[BlackElo "2275"]
[PlyCount "110"]
[EventDate "2013.07.01"]
[EventType "swiss"]
[EventRounds "11"]
[EventCountry "COL"]
[SourceDate "2005.09.12"]

1. e4 e6 2. d4 d5 3. Nd2 Nf6 4. e5 Nfd7 5. Bd3 c5 6. c3 b6 7. Qe2 Nc6 8. Ngf3
cxd4 9. cxd4 Nb4 10. O-O Nxd3 11. Qxd3 a5 12. Re1 Be7 13. Nf1 Ba6 14. Qd1 Rc8
15. Ng3 h5 16. Be3 Nf8 17. Rc1 Ng6 18. Qa4+ Qd7 19. Rxc8+ Bxc8 20. Qb3 b5 21.
Rc1 h4 22. Qc2 hxg3 23. Qxc8+ Qxc8 24. Rxc8+ Kd7 25. Rxh8 gxf2+ 26. Kxf2 Nxh8
27. h4 f5 28. exf6 gxf6 29. h5 Ke8 30. g4 Kf7 31. Bf4 Kg7 32. Nh4 Nf7 33. Ng6
Bd8 34. Ke3 Bb6 35. Kd3 Nh6 36. Bxh6+ Kxh6 37. Nf4 f5 38. gxf5 exf5 39. Nxd5
Bd8 40. Nf4 Bc7 41. Ke3 Bd6 42. Kf3 Kg5 43. Ne6+ Kxh5 44. d5 Be5 45. b3 Kg6 46.
Nc5 Kf7 47. Nb7 Bc7 48. Ke3 Ke7 49. Kd4 Kd7 50. Kc5 f4 51. d6 Bd8 52. Kd5 Bb6
53. Ke5 Kc6 54. Kxf4 Kxb7 55. Ke5 Kc6 0-1

[Event "Col Ch "]
[Site "Ibague "]
[Date "2013.07.04"]
[Round "6.42"]
[White "Dominguez, Ramiro"]
[Black "Valderrama Castano, Julian Cam"]
[Result "1-0"]
[WhiteElo "2225"]
[BlackElo "1978"]
[PlyCount "73"]
[EventDate "2013.07.01"]
[EventType "swiss"]
[EventRounds "11"]
[EventCountry "COL"]
[SourceDate "2005.09.12"]

1. e4 e6 2. d4 d5 3. Nd2 Nf6 4. e5 Nfd7 5. Bd3 c5 6. c3 Nc6 7. Ne2 cxd4 8. cxd4
f6 9. Nf4 Qe7 10. Qh5+ Qf7 11. exf6 gxf6 12. Qxf7+ Kxf7 13. Nf3 Bb4+ 14. Bd2
Bxd2+ 15. Kxd2 Nxd4 16. Nxd4 e5 17. Nxd5 exd4 18. Rac1 Ne5 19. Rc7+ Ke6 20.
Nf4+ Kd6 21. Rhc1 Bd7 22. Rxb7 Bc6 23. Rb4 Nxd3 24. Kxd3 Rac8 25. Re1 Kc5 26.
Rc4+ Kb6 27. Re6 Kb7 28. Rxd4 Bb5+ 29. Kd2 Rhd8 30. Red6 Rf8 31. Ne6 Rfe8 32.
a4 Bc6 33. Nd8+ Kb6 34. b4 a6 35. a5+ Kb5 36. Nxc6 Rxc6 37. R6d5+ 1-0

[Event "Col Ch "]
[Site "Ibague "]
[Date "2013.07.04"]
[Round "6.44"]
[White "Culma, Ruben"]
[Black "Castaneda, Jorge Luis"]
[Result "1/2-1/2"]
[WhiteElo "2029"]
[BlackElo "2199"]
[PlyCount "140"]
[EventDate "2013.07.01"]
[EventType "swiss"]
[EventRounds "11"]
[EventCountry "COL"]
[SourceDate "2005.09.12"]

1. d4 Nf6 2. c4 e6 3. Nc3 Bb4 4. e3 c5 5. Nf3 Nc6 6. Bd3 Bxc3+ 7. bxc3 d6 8.
O-O e5 9. d5 Ne7 10. Qc2 Bd7 11. h3 h6 12. Nd2 Qc7 13. f4 exf4 14. exf4 O-O-O
15. Nf3 Rde8 16. Bd2 g6 17. Rae1 Bf5 18. g4 Bxd3 19. Qxd3 h5 20. g5 Nh7 21. Nh4
Rhg8 22. Kh2 Qd7 23. Rf2 Nf5 24. Nf3 Rxe1 25. Bxe1 Re8 26. Re2 Nf8 27. Bf2 Rxe2
28. Qxe2 Qe7 29. Qxe7 Nxe7 30. Nd2 Nd7 31. Kg3 Kc7 32. Kf3 Nf5 33. h4 a6 34.
Ke4 Nb6 35. Kd3 Na4 36. Kc2 Ne7 37. Kb3 Nb6 38. Ne4 Nd7 39. a4 Nf5 40. Nd2 Kb6
41. Ka3 Ka5 42. Nb3+ Kb6 43. Nd2 Kc7 44. Kb3 Ne7 45. Ne4 b6 46. Bg3 Nf5 47. Bf2
Kd8 48. Kc2 b5 49. cxb5 axb5 50. axb5 Nb6 51. Kb3 Nxd5 52. Ka4 Kc7 53. Ka5 Nxf4
54. c4 Nd3 55. Ka6 Kb8 56. b6 Nxf2 57. Nf6 Ne7 58. Nd7+ Kc8 59. b7+ Kxd7 60.
b8=Q Nd3 61. Qb7+ Ke6 62. Qe4+ Ne5 63. Kb7 Kd7 64. Kb6 Nc8+ 65. Kb7 Ne7 66. Ka6
N7c6 67. Kb6 Nd8 68. Qd5 Ndc6 69. Kb5 Nd4+ 70. Kb6 Ndc6 1/2-1/2

[Event "Col Ch "]
[Site "Ibague "]
[Date "2013.07.04"]
[Round "6.45"]
[White "Torres, Jorge Emilio"]
[Black "Almanza, Rafael Andres"]
[Result "0-1"]
[WhiteElo "2000"]
[BlackElo "2186"]
[PlyCount "112"]
[EventDate "2013.07.01"]
[EventType "swiss"]
[EventRounds "11"]
[EventCountry "COL"]
[SourceDate "2005.09.12"]

1. d4 Nf6 2. Nf3 g6 3. b3 Bg7 4. Bb2 d5 5. e3 Ne4 6. Be2 c5 7. O-O Nc6 8. Nbd2
O-O 9. c4 Nxd2 10. Qxd2 cxd4 11. exd4 Bg4 12. Rfd1 Rc8 13. Rac1 a5 14. Qf4 Bf5
15. Ne5 a4 16. Ba3 axb3 17. Nxc6 Rxc6 18. axb3 Ra6 19. Bc5 Ra2 20. Bf3 b6 21.
Bb4 Bc2 22. Rxc2 Rxc2 23. Bxd5 Rb2 24. Qf3 e6 25. Bxf8 Qxf8 26. Bc6 Qb4 27. Be8
f5 28. h3 Qxb3 29. Qxb3 Rxb3 30. Bb5 Kf8 31. d5 exd5 32. Rxd5 Rb1+ 33. Kh2 Re1
34. g3 Re4 35. Kg2 Bf6 36. Kf3 Be7 37. g4 Bg5 38. Kg3 Bf4+ 39. Kh4 g5+ 40. Kh5
fxg4 41. Rf5+ Kg7 42. hxg4 Re2 43. Rxf4 gxf4 44. f3 h6 45. g5 Re5 46. Kg4 Rxg5+
47. Kxf4 Kf6 48. Bd7 h5 49. Bc8 h4 50. Bd7 Rg1 51. Bc8 Ke7 52. Bf5 Kd6 53. Bc8
Kc5 54. Be6 Rg6 55. Bd5 h3 56. Kf5 Rg1 0-1

[Event "Col Ch "]
[Site "Ibague "]
[Date "2013.07.04"]
[Round "6.46"]
[White "Martinez, Mauricio"]
[Black "Perez Pineda, Elkin Dario"]
[Result "0-1"]
[WhiteElo "2010"]
[BlackElo "2159"]
[PlyCount "132"]
[EventDate "2013.07.01"]
[EventType "swiss"]
[EventRounds "11"]
[EventCountry "COL"]
[SourceDate "2005.09.12"]

1. e4 e5 2. Nf3 Nc6 3. d4 exd4 4. Bc4 Bc5 5. Ng5 Nh6 6. Qh5 Qe7 7. O-O Ne5 8.
Bb3 d6 9. h3 Bd7 10. f4 Nc6 11. f5 O-O-O 12. f6 gxf6 13. Qxh6 fxg5 14. Bxg5
Qxe4 15. Nd2 d3+ 16. Kh1 Qb4 17. Bxd8 Rxd8 18. cxd3 Ne5 19. Bxf7 Nxd3 20. Be6
Bxe6 21. Qxe6+ Kb8 22. Qe7 Rc8 23. Rf8 Nf2+ 24. Kh2 b5 25. Nb3 Bb6 26. Rxc8+
Kxc8 27. Qf8+ Kb7 28. Qf3+ c6 29. Rf1 Qh4 30. Qf7+ Kb8 31. Qf5 Ne4 32. Qf8+ Kb7
33. Qg7+ Ka6 34. Qg8 Bc7 35. Qc8+ Kb6 36. Rf7 Qg3+ 37. Kg1 Qe1+ 38. Kh2 Qg3+
39. Kg1 d5 40. Rxc7 Qxc7 41. Qh8 c5 42. Qg8 d4 43. Qd5 Nd6 44. g4 Nc4 45. Kh1
Qc6 46. Qxc6+ Kxc6 47. h4 d3 48. g5 d2 49. Nxd2 Nxd2 50. h5 Ne4 51. g6 hxg6 52.
hxg6 Kd6 53. Kg2 Ke6 54. Kf3 Nd6 55. Kf4 Kf6 56. g7 Kxg7 57. Ke5 c4 58. a3 a5
59. Kxd6 b4 60. a4 c3 61. bxc3 bxc3 62. Kc5 c2 63. Kb5 c1=Q 64. Kxa5 Qb2 65.
Ka6 Kf6 66. a5 Qb4 0-1

[Event "Col Ch "]
[Site "Ibague "]
[Date "2013.07.04"]
[Round "6.47"]
[White "Arango, Andres Mauricio"]
[Black "Agudelo, Oscar Marino"]
[Result "0-1"]
[WhiteElo "2142"]
[BlackElo "1739"]
[PlyCount "100"]
[EventDate "2013.07.01"]
[EventType "swiss"]
[EventRounds "11"]
[EventCountry "COL"]
[SourceDate "2005.09.12"]

1. e4 c5 2. Nf3 a6 3. c4 Nc6 4. d4 cxd4 5. Nxd4 Nf6 6. Nc3 d6 7. Be2 Bd7 8. Be3
e6 9. g4 h6 10. Rg1 Rc8 11. h4 Nxd4 12. Qxd4 e5 13. Qa7 Bc6 14. f3 Nd7 15. Nd5
Bxd5 16. exd5 Be7 17. g5 hxg5 18. hxg5 Rh2 19. b4 Qc7 20. Bf2 g6 21. Qe3 Kf8
22. Bg3 Rh5 23. f4 exf4 24. Bxf4 Rh7 25. c5 Re8 26. Qg3 Kg8 27. Rc1 Bf8 28. Kf1
Ne5 29. c6 b5 30. Rc2 Qc8 31. Kg2 Qf5 32. Rd2 Qe4+ 33. Bf3 Qxb4 34. Re2 Bg7 35.
Rge1 Rc8 36. Bxe5 Bxe5 37. Rxe5 dxe5 38. Qxe5 Qd2+ 39. Re2 Qc1 40. Kf2 Qc5+ 41.
Qe3 Qd6 42. Bg2 Rh2 43. Kg1 Rxg2+ 44. Rxg2 Qxd5 45. c7 Rxc7 46. Rd2 Rc1+ 47.
Kf2 Qf5+ 48. Kg3 Rg1+ 49. Kh2 Rxg5 50. Rd8+ Kg7 0-1

[Event "Col Ch "]
[Site "Ibague "]
[Date "2013.07.04"]
[Round "6.48"]
[White "Corredor Rengifo, Luis Fernand"]
[Black "Cifuentes, Jhon Jairo"]
[Result "0-1"]
[WhiteElo "1952"]
[BlackElo "2120"]
[PlyCount "80"]
[EventDate "2013.07.01"]
[EventType "swiss"]
[EventRounds "11"]
[EventCountry "COL"]
[SourceDate "2005.09.12"]

1. d4 d5 2. c4 e6 3. Nc3 Nf6 4. Nf3 c6 5. Bg5 h6 6. Bh4 dxc4 7. e4 g5 8. Bg3 b5
9. h4 g4 10. Ne5 h5 11. a3 Bb7 12. Be2 a6 13. f3 c5 14. dxc5 Qxd1+ 15. Rxd1
gxf3 16. gxf3 Rg8 17. Bf2 Nc6 18. Nxc6 Bxc6 19. Rg1 Rxg1+ 20. Bxg1 Nd7 21. Nd5
exd5 22. exd5 Rc8 23. dxc6 Rxc6 24. f4 Bxc5 25. Bxc5 Nxc5 26. Rd5 Ne6 27. Rf5
Ng7 28. Re5+ Kf8 29. Kd2 Rf6 30. Ke3 Nf5+ 31. Ke4 Nxh4 32. Rxh5 Re6+ 33. Re5
Rd6 34. Rd5 Ke7 35. Rxd6 Kxd6 36. f5 f6 37. Bf1 a5 38. a4 c3 39. bxc3 bxa4 40.
c4 a3 0-1

[Event "Col Ch "]
[Site "Ibague "]
[Date "2013.07.04"]
[Round "6.49"]
[White "Melo, Marlon"]
[Black "Hernandez, Cristian Andres"]
[Result "0-1"]
[WhiteElo "1914"]
[BlackElo "2113"]
[PlyCount "50"]
[EventDate "2013.07.01"]
[EventType "swiss"]
[EventRounds "11"]
[EventCountry "COL"]
[SourceDate "2005.09.12"]

1. e4 c5 2. Nc3 e6 3. f4 Nc6 4. Nf3 Nge7 5. Bb5 a6 6. Bxc6 Nxc6 7. d3 Be7 8.
O-O d5 9. e5 O-O 10. Qe1 f6 11. Qg3 b5 12. Bd2 f5 13. Ne2 a5 14. Kh1 b4 15.
Neg1 a4 16. Nh3 Ba6 17. Rg1 Qd7 18. Qf2 b3 19. g4 bxc2 20. gxf5 Rxf5 21. Rg3
Bxd3 22. Nfg5 c4 23. Rag1 Bxg5 24. Nxg5 Rxg5 25. Rxg5 Be4+ 0-1

[Event "Col Ch "]
[Site "Ibague "]
[Date "2013.07.04"]
[Round "6.50"]
[White "Aristizabal, Jorge"]
[Black "Suarez, Luis Humberto"]
[Result "1/2-1/2"]
[WhiteElo "1881"]
[BlackElo "2110"]
[PlyCount "35"]
[EventDate "2013.07.01"]
[EventType "swiss"]
[EventRounds "11"]
[EventCountry "COL"]
[SourceDate "2005.09.12"]

1. e4 c5 2. Nf3 d6 3. d4 cxd4 4. Nxd4 Nf6 5. Nc3 a6 6. Be3 e5 7. Nb3 Be6 8. f3
Be7 9. Qd2 Qc7 10. O-O-O Nbd7 11. g4 h6 12. h4 O-O-O 13. Qf2 Nc5 14. Nxc5 dxc5
15. Rxd8+ Rxd8 16. g5 Ng8 17. Bh3 hxg5 18. hxg5 1/2-1/2

[Event "Col Ch "]
[Site "Ibague "]
[Date "2013.07.04"]
[Round "6.51"]
[White "Leal Cortes, Diego Fernando"]
[Black "Uribe Sanchez, Alejandro"]
[Result "0-1"]
[WhiteElo "1901"]
[BlackElo "2058"]
[PlyCount "106"]
[EventDate "2013.07.01"]
[EventType "swiss"]
[EventRounds "11"]
[EventCountry "COL"]
[SourceDate "2005.09.12"]

1. e4 c5 2. Nf3 g6 3. c3 Bg7 4. d4 cxd4 5. cxd4 d5 6. exd5 Nf6 7. Nc3 O-O 8.
Bc4 Nbd7 9. O-O Nb6 10. Bb3 Nbxd5 11. Re1 Re8 12. Bg5 Be6 13. Ne4 Nxe4 14. Rxe4
h6 15. Bh4 Rc8 16. Rxe6 fxe6 17. Ne5 Bxe5 18. dxe5 Kg7 19. Qg4 Qb6 20. Rd1 Rc7
21. h3 Rf8 22. Bg3 Rfc8 23. Rd3 Rc1+ 24. Kh2 Rf8 25. h4 Rf5 26. Qe4 Qc6 27. Qd4
a6 28. Bxd5 Qxd5 29. Qxd5 exd5 30. Rxd5 e6 31. Rd7+ Rf7 32. Rd6 Rc6 33. Rd2
Rfc7 34. Rd6 Kf7 35. b3 Rxd6 36. exd6 Rc5 37. Bf4 Rd5 38. a4 h5 39. Be3 Rxd6
40. a5 Rd3 41. b4 Rb3 42. Bc5 Kf6 43. f3 Kf5 44. Kg3 e5 45. Kf2 e4 46. fxe4+
Kxe4 47. g3 Rb2+ 48. Kg1 Kf3 49. Be7 Rg2+ 50. Kf1 Kxg3 51. Bd6+ Kh3 52. Be7 Rg4
53. Kf2 Re4 0-1

[Event "Col Ch "]
[Site "Ibague "]
[Date "2013.07.04"]
[Round "6.52"]
[White "Chavarro, Hugo"]
[Black "Castaneda, Victor"]
[Result "1-0"]
[WhiteElo "2296"]
[BlackElo "1876"]
[PlyCount "71"]
[EventDate "2013.07.01"]
[EventType "swiss"]
[EventRounds "11"]
[EventCountry "COL"]
[SourceDate "2005.09.12"]

1. c4 Nf6 2. Nc3 e6 3. Nf3 b6 4. d4 d5 5. Bg5 Be7 6. e3 O-O 7. Qc2 Nbd7 8. cxd5
exd5 9. Rd1 Bb7 10. Be2 Re8 11. O-O Rc8 12. Ne5 c6 13. f4 b5 14. Bd3 h6 15.
Bxf6 Nxf6 16. Bf5 Rc7 17. a3 Qd6 18. b4 Bc8 19. Bd3 Nd7 20. Rf3 Nb6 21. Rdf1
Nc4 22. Bxc4 dxc4 23. f5 Bf6 24. Ne4 Qe7 25. Nxf6+ Qxf6 26. Qf2 Bb7 27. Ng4 Qg5
28. Rg3 Re4 29. Ne5 Qf6 30. Rg4 c5 31. bxc5 Bd5 32. Rxe4 Bxe4 33. Qg3 Qg5 34.
Ng4 Rc8 35. h4 Qh5 36. Nf6+ 1-0

[Event "Col Ch "]
[Site "Ibague "]
[Date "2013.07.04"]
[Round "6.53"]
[White "Acosta Cruz, Luis Ivan"]
[Black "Beltran, Carlos Armando"]
[Result "0-1"]
[WhiteElo "1879"]
[BlackElo "2237"]
[PlyCount "44"]
[EventDate "2013.07.01"]
[EventType "swiss"]
[EventRounds "11"]
[EventCountry "COL"]
[SourceDate "2005.09.12"]

1. d4 Nf6 2. c4 e6 3. Nf3 Bb4+ 4. Bd2 Bxd2+ 5. Nbxd2 d6 6. e4 c5 7. d5 O-O 8.
h3 Re8 9. Be2 exd5 10. exd5 Qe7 11. Rc1 Bf5 12. Rc3 Na6 13. a3 h6 14. Nf1 Nc7
15. Ne3 Bg6 16. O-O Ne4 17. Rb3 Rab8 18. Re1 a6 19. a4 a5 20. Nh2 Na6 21. Bh5
Qh4 22. Bxg6 Qxf2+ 0-1

[Event "Col Ch "]
[Site "Ibague "]
[Date "2013.07.04"]
[Round "6.54"]
[White "Guerrero Forero, Ricardo Alon"]
[Black "Corpus Vanegas, Eugenio Miguel"]
[Result "0-1"]
[WhiteElo "2208"]
[BlackElo "1848"]
[PlyCount "58"]
[EventDate "2013.07.01"]
[EventType "swiss"]
[EventRounds "11"]
[EventCountry "COL"]
[SourceDate "2005.09.12"]

1. e4 e5 2. Nf3 Nc6 3. Bb5 a6 4. Ba4 Nf6 5. O-O Nxe4 6. d4 b5 7. Bb3 d5 8. dxe5
Be6 9. a4 b4 10. c3 bxc3 11. Nxc3 Nxc3 12. bxc3 Be7 13. Qe2 O-O 14. Rd1 Na5 15.
Ba2 Qd7 16. c4 c6 17. Be3 Rfb8 18. cxd5 cxd5 19. Qd3 Rd8 20. Bb6 Nc6 21. Bxd8
Nb4 22. Qd2 Rxd8 23. Bb3 a5 24. Rac1 Bg4 25. Qf4 h6 26. h3 Bh5 27. Rc3 g5 28.
Qd4 Qe6 29. g4 Bg6 0-1

[Event "Col Ch "]
[Site "Ibague "]
[Date "2013.07.04"]
[Round "6.55"]
[White "Pelaez, Hernan"]
[Black "Torres, Jaime Alberto"]
[Result "0-1"]
[WhiteElo "1867"]
[BlackElo "2052"]
[PlyCount "69"]
[EventDate "2013.07.01"]
[EventType "swiss"]
[EventRounds "11"]
[EventCountry "COL"]
[SourceDate "2005.09.12"]

1. c4 c5 2. Nc3 Nc6 3. Nf3 Nf6 4. g3 d6 5. Bg2 e6 6. d4 cxd4 7. Nxd4 Bd7 8.
Ndb5 Qb8 9. Bf4 e5 10. Bg5 Be7 11. Bxf6 gxf6 12. Ne4 Be6 13. Nbxd6+ Kf8 14. c5
Qc7 15. Qd2 Kg7 16. O-O Rad8 17. Rad1 a6 18. b4 f5 19. Ng5 h6 20. Nxe6+ fxe6
21. f4 Bf6 22. g4 exf4 23. Qxf4 Be5 24. Qd2 f4 25. Rf3 Bd4+ 26. Kh1 Rhf8 27.
Rh3 Be3 28. Qb2+ Kg8 29. Qc3 Qg7 30. Rd3 Ne5 31. Rdxe3 fxe3 32. Qxe3 Nxg4 33.
Rg3 Nxe3 34. Rxg7+ Kxg7 35. Bf3 0-1

[Event "Col Ch "]
[Site "Ibague "]
[Date "2013.07.04"]
[Round "6.56"]
[White "Huertas Botache, Alvaro Eduard"]
[Black "Barros, Raul"]
[Result "1-0"]
[WhiteElo "1833"]
[BlackElo "2019"]
[PlyCount "135"]
[EventDate "2013.07.01"]
[EventType "swiss"]
[EventRounds "11"]
[EventCountry "COL"]
[SourceDate "2005.09.12"]

1. e4 c5 2. Nf3 e6 3. c3 a6 4. d4 d5 5. exd5 Qxd5 6. Be2 Nf6 7. O-O Nc6 8. Bf4
cxd4 9. cxd4 Be7 10. Nc3 Qd8 11. Qd2 O-O 12. Rfd1 Nb4 13. a3 Nbd5 14. Bg3 b5
15. Ne5 Bb7 16. Bf3 Rc8 17. Rac1 Re8 18. Ne4 Qb6 19. Qd3 Nxe4 20. Bxe4 Nf6 21.
f3 Bxe4 22. fxe4 Qb7 23. Rxc8 Rxc8 24. Re1 b4 25. Rf1 Qxe4 26. axb4 Bxb4 27.
Qxe4 Nxe4 28. Rxf7 Rc1+ 29. Rf1 Nxg3 30. hxg3 Bd2 31. Rxc1 Bxc1 32. Nc4 a5 33.
b3 Kf7 34. Kf2 Ke7 35. Kf3 Bg5 36. Ke4 Bf6 37. Nxa5 Kd6 38. Nb7+ Kc6 39. Nc5
Kd6 40. Nd3 g5 41. g4 h6 42. Ne5 Bg7 43. Nd3 Kc6 44. Nc5 Kd6 45. b4 Bh8 46. Na4
Kc6 47. Nc3 Kb6 48. Na4+ Kc6 49. Nc5 Kd6 50. Nd3 Kc6 51. Ne5+ Kb5 52. Nf7 Bf6
53. Nxh6 Kxb4 54. Ng8 Bg7 55. Ne7 Kc4 56. Nc6 Kc3 57. Nd8 Bxd4 58. Nxe6 Bf6 59.
Kf5 Be7 60. Nxg5 Kd3 61. Ne4 Ke3 62. g5 Bf8 63. g6 Bg7 64. Ng5 Kf2 65. g4 Kg3
66. Ne6 Bb2 67. g7 Bxg7 68. Nxg7 1-0

[Event "Col Ch "]
[Site "Ibague "]
[Date "2013.07.04"]
[Round "6.57"]
[White "Torres, Augusto"]
[Black "Manrique, Fernando"]
[Result "1-0"]
[WhiteElo "1812"]
[BlackElo "1991"]
[PlyCount "67"]
[EventDate "2013.07.01"]
[EventType "swiss"]
[EventRounds "11"]
[EventCountry "COL"]
[SourceDate "2005.09.12"]

1. d4 d5 2. Nf3 Nf6 3. g3 c5 4. Bg2 cxd4 5. O-O Nc6 6. Nxd4 e5 7. Nxc6 bxc6 8.
c4 Qa5 9. Nc3 Be6 10. Bg5 Rd8 11. cxd5 cxd5 12. Bxf6 gxf6 13. a3 d4 14. Bc6+
Ke7 15. Nb1 Qb6 16. Ba4 Qxb2 17. Nd2 Bh6 18. Ne4 Bc4 19. Re1 f5 20. Nc5 Qb6 21.
Nd3 e4 22. Ne5 Bd5 23. Rb1 Qc5 24. Rb5 Qc3 25. Qb1 Kf6 26. f4 exf3 27. exf3
Be3+ 28. Kf1 Kxe5 29. g4 fxg4 30. fxg4 Kd6 31. Rxd5+ Kxd5 32. Qf5+ Kd6 33. Qf6+
Kc5 34. Qc6# 1-0